| 000 | 00805cab a2200217 4500 | ||
|---|---|---|---|
| 001 | X86293 | ||
| 008 | 090401t1997 xxu||||| |||| 00| 0 eng d | ||
| 035 | _a(Sirsi) u80705 | ||
| 041 | _aeng | ||
| 245 | _aCresswell v Pearson | ||
| 260 | _c1997 | ||
| 350 | _a0 | ||
| 490 |
_aJournal of Planning and Environment Law _v1997 JPL 860-865(6) |
||
| 520 | _aQBD 20 March 1997. Enforcement notices - effect of planning permission - prosecution for non-compliance of original notices following expiry of temporary planning permission - convictions quashed - enforcement notices had ceased to have effect. | ||
| 650 | _aCRESSWELL V PEARSON | ||
| 650 | _aENFORCEMENT NOTICES | ||
| 650 | _aTEMPORARY PLANNING PERMISSION | ||
| 690 | _aPLANNING LAW AND PRACTICE-CASE LAW | ||
| 942 | _n0 | ||
| 948 | _c08/09/1997 | ||
| 999 |
_c50807 _d50807 |
||